Rembrandt Harmensz Van Rijn : Rembrandt /
Rembrandt (Leiden, 1606 - Amsterdam, 1669) es considerado uno de los grandes creadores del claroscuro y un pintor fundamental de la naturaleza humana, gracias a su técnica pictórica y a su profundo conocimiento de la anatomía del hombre. Artista prolífico, es autor de numerosas pinturas, aguafuertes...
Gardado en:
| Autor Principal: | |
|---|---|
| Outros autores: | |
| Formato: | Libro |
| Idioma: | inglés |
| Publicado: |
Nueva York, EUA :
Harry N. Abrams,
1952, c1952
|
| Series: | (The Library of Great Painters)
|
| Temas: | |
| Etiquetas: |
Sen Etiquetas, Sexa o primeiro en etiquetar este rexistro!
|
MARC
| LEADER | 00000nam^a2200000^a^4500 | ||
|---|---|---|---|
| 001 | 000166590 | ||
| 005 | 20250521000000.0 | ||
| 009 | 20260310101056.492 | ||
| 037 | |a Acervo ITESO - Biblioteca | ||
| 041 | |a ING | ||
| 082 | |a 759. 949203 |b REM KOE | ||
| 100 | |a Rembrandt |e (pintor) | ||
| 245 | 1 | 0 | |a Rembrandt Harmensz Van Rijn : |b Rembrandt / |c Rembrandt ; texto de W. Koehler. |
| 264 | 4 | |a Nueva York, EUA : |b Harry N. Abrams, |c 1952, c1952 | |
| 300 | |a 24 p. | ||
| 336 | |a texto |b txt |2 rdacontenido | ||
| 337 | |a sin mediación |b n |2 rdamedio | ||
| 338 | |a volumen |b nc |2 rdasoporte | ||
| 440 | 5 | |a (The Library of Great Painters) | |
| 520 | |a Rembrandt (Leiden, 1606 - Amsterdam, 1669) es considerado uno de los grandes creadores del claroscuro y un pintor fundamental de la naturaleza humana, gracias a su técnica pictórica y a su profundo conocimiento de la anatomía del hombre. Artista prolífico, es autor de numerosas pinturas, aguafuertes y dibujos, que temáticamente muestran clara preferencia por el retrato (autorretrato incluido) y las escenas bíblicas y mitológicas. El pintor en su estudio, Lección de anatomía, La ronda nocturna, El descendimiento de la cruz y El buey desollado, son algunas de sus obras más conocidas, al lado de sus autorretratos. | ||
| 649 | |a XX | ||
| 650 | |a Pintores Holandeses | ||
| 650 | |a Artistas Holandeses | ||
| 650 | |a Pintura Barroca - |z Holanda - |x Historia y Crítica | ||
| 650 | |a Pintura Barroca - |x Historia y Crítica | ||
| 650 | |a Pintura Holandesa - |x Historia y Crítica | ||
| 650 | |a Arte Barroco - |z Holanda - |x Historia y Crítica | ||
| 650 | |a Arte Barroco - |x Historia y Crítica | ||
| 650 | |a Arte Holandés - |x Historia y Crítica | ||
| 650 | |a Rembrandt - |x Tema Principal | ||
| 700 | |a Koehler, Wilhelm |e (texto) | ||
| 910 | |a Fondo General | ||
| 920 | |a Impresos - Libros | ||
| 930 | |a Reserva Especial | ||
| 905 | |a 103 | ||
| 901 | |a 0500020603 |b IT1 |c REE |u 20250521 | ||
| 902 | |a https://opac.biblio.iteso.mx/vufind/Record/000166590 | ||